| 000 | 00356pab a2200157 454500 | ||
|---|---|---|---|
| 008 | 180718b1999 xxu||||| |||| 00| 0 eng d | ||
| 100 | _aChatterjee, T.K. | ||
| 245 | _aHardly a crisis in isolation | ||
| 260 | _c1999 | ||
| 300 | _ap.9 | ||
| 362 | _a8 Jan | ||
| 650 | _aEducation - India | ||
| 650 | _aEducation | ||
| 773 | _aStatesman | ||
| 909 | _a40926 | ||
| 999 |
_c40926 _d40926 |
||